000 00484cam a22001097a 4500
008 180718b1957 xxu||||| |||| 00| 0 eng d
082 _aB136x5412 B436
245 _aReport on agro-economic survey of community development blocks
_cby Community Development Projects, Development Department, West Bengal
260 _aAlipore
_bCommunity Development Projects, Development Department
_c1957
300 _a143+p.
700 _aWest Bengal. Development Department. Community Development Projects
999 _c392181
_d392181